| 000 | 00712nam a2200205 a 4500 | ||
|---|---|---|---|
| 001 | 000011242 | ||
| 005 | 20240412074224.0 | ||
| 008 | 091015s1994 dr 001 j spa d | ||
| 040 |
_aDO-SdBNP _bspa _cBNPHU |
||
| 082 |
_aRD863.44 _bS944o |
||
| 100 | 1 |
_aSuero, Angel Augusto, _d1908- _926808 |
|
| 245 | 1 | 4 |
_aLos olivos del sur / _cAngel Augusto Suero ; prólogo Gilberto Ariel Suero Cavallo. |
| 260 |
_aSanto Domingo : _bMateo y asociado, _c1994. |
||
| 300 |
_a121 p. ; _c21 cm. |
||
| 500 | _aIncluye datos biográficos del autor en la contracubierta | ||
| 650 | 4 |
_aCuentos dominicano _923618 |
|
| 650 | 0 |
_aLiteratura dominicana. _967 |
|
| 700 | 1 |
_aSuero Cavallo, Gilberto Ariel, _epról. _926809 |
|
| 049 | _aBNPD | ||
| 999 |
_c10961 _d10961 |
||